folklore Album - Statistics

General Stats
  • This quiz has been taken 254 times
    252 since last reset
  • The average score is 15 of 17
Answer Stats
# Tracks % Correct
2 cardigan
97%
1 the 1
97%
8 august
96%
14 betty
92%
17 the lakes
92%
3 the last great american dynasty
92%
16 hoax
90%
15 peace
89%
7 seven
89%
6 mirrorball
88%
10 illicit affairs
86%
5 my tears ricochet
86%
4 exile (feat. Bon Iver)
85%
11 invisible string
82%
9 this is me trying
80%
13 epiphany
78%
12 mad woman
77%
No matching quizzes found
Score Distribution
Percent of People with Each Score
Percentile by Number Answered
Your Score History
You have not taken this quiz since the last reset